Stellvertreterkriege USA vs Sowjetunion - Statistiken

Allgemein
  • Dieses Quiz wurde 408 mal gespielt
  • Das Durchschnittsergebnis liegt bei 3 aus 6
Antwortstatistiken
Hint Antwort % Korrekt
1955-1975 Vietnamkrieg
98%
1950-1953 Koreakrieg
92%
1979-1989 Afghanistankrieg
68%
1980-1988 Golfkrieg
29%
1936-1939 Spanischer Bürgerkrieg
29%
1927-1949 Chinesischer Bürgerkrieg
18%
Keine übereinstimmenden Quizze gefunden
Verteilung der Resultate
Anzahl Personen mit jedem Resultat
Perzentil nach korrekt beantworteten Fragen
Ihre Resultats-Entwicklung
Sie haben dieses Quiz noch nicht gespielt